<?xml version="1.0" encoding="UTF-8"?>
<record
    xmlns:xsi="http://www.w3.org/2001/XMLSchema-instance"
    xsi:schemaLocation="http://www.loc.gov/MARC21/slim http://www.loc.gov/standards/marcxml/schema/MARC21slim.xsd"
    xmlns="http://www.loc.gov/MARC21/slim">

  <leader>00946na  a2200289   4500</leader>
  <controlfield tag="001">15825</controlfield>
  <controlfield tag="003">MIRAKIL</controlfield>
  <controlfield tag="005">20181213155115.0</controlfield>
  <controlfield tag="008">160924b        tu            000 0      </controlfield>
  <datafield tag="020" ind1=" " ind2=" ">
    <subfield code="a">9757669504</subfield>
  </datafield>
  <datafield tag="035" ind1=" " ind2=" ">
    <subfield code="a">15825</subfield>
  </datafield>
  <datafield tag="040" ind1=" " ind2=" ">
    <subfield code="a">Milas</subfield>
    <subfield code="b">tur</subfield>
    <subfield code="c">TR-AnCHP</subfield>
  </datafield>
  <datafield tag="082" ind1=" " ind2=" ">
    <subfield code="a">323.09561</subfield>
    <subfield code="b">K21d 1996</subfield>
  </datafield>
  <datafield tag="090" ind1=" " ind2=" ">
    <subfield code="a">323.09561 K21d 1996</subfield>
  </datafield>
  <datafield tag="100" ind1=" " ind2=" ">
    <subfield code="a">Kabo&#x11F;lu, &#x130;brahim &#xD6;.</subfield>
  </datafield>
  <datafield tag="245" ind1=" " ind2=" ">
    <subfield code="a">Dayan&#x131;&#x15F;ma haklar&#x131;</subfield>
    <subfield code="c">&#x130;brahim &#xD6;. Kabo&#x11F;lu</subfield>
  </datafield>
  <datafield tag="260" ind1=" " ind2=" ">
    <subfield code="a">Ankara</subfield>
    <subfield code="b">T&#xFC;rkiye ve Orta Do&#x11F;u Amme &#x130;daresi Enstit&#xFC;s&#xFC; (TODA&#x130;E)</subfield>
    <subfield code="c">1996</subfield>
  </datafield>
  <datafield tag="300" ind1=" " ind2=" ">
    <subfield code="a">61 s.</subfield>
    <subfield code="c">19 sm.</subfield>
  </datafield>
  <datafield tag="490" ind1=" " ind2=" ">
    <subfield code="a">T&#xFC;rkiye ve Orta Do&#x11F;u Amme &#x130;daresi Enstit&#xFC;s&#xFC; yay&#x131;nlar&#x131;</subfield>
    <subfield code="v">269</subfield>
  </datafield>
  <datafield tag="490" ind1=" " ind2=" ">
    <subfield code="a">&#x130;nsan Haklar&#x131; Ara&#x15F;t&#x131;rma ve Derleme Merkezi</subfield>
    <subfield code="v">11</subfield>
  </datafield>
  <datafield tag="490" ind1=" " ind2=" ">
    <subfield code="a">&#x130;nsan Haklar&#x131; ve Demokrasi E&#x11F;itimi Elkitaplar&#x131; dizisi</subfield>
    <subfield code="v">2</subfield>
  </datafield>
  <datafield tag="504" ind1=" " ind2=" ">
    <subfield code="a">Kaynak&#xE7;a var.</subfield>
  </datafield>
  <datafield tag="650" ind1=" " ind2=" ">
    <subfield code="a">&#x130;nsan haklar&#x131;</subfield>
    <subfield code="x">Hukuk</subfield>
  </datafield>
  <datafield tag="650" ind1=" " ind2=" ">
    <subfield code="a">Hak ve &#xF6;zg&#xFC;rl&#xFC;kler</subfield>
  </datafield>
  <datafield tag="650" ind1=" " ind2=" ">
    <subfield code="a">Dayan&#x131;&#x15F;ma haklar&#x131;</subfield>
  </datafield>
  <datafield tag="942" ind1=" " ind2=" ">
    <subfield code="2">ddc</subfield>
    <subfield code="c">BKS</subfield>
  </datafield>
  <datafield tag="952" ind1=" " ind2=" ">
    <subfield code="a">0001</subfield>
    <subfield code="b">0001</subfield>
    <subfield code="d">2016-09-24</subfield>
    <subfield code="e">2</subfield>
    <subfield code="l">0</subfield>
    <subfield code="o">323.09561 K21d 1996</subfield>
    <subfield code="p">004159</subfield>
    <subfield code="r">2016-09-24 00:00:00</subfield>
    <subfield code="v">0.00</subfield>
    <subfield code="w">2016-09-24</subfield>
    <subfield code="y">BKS</subfield>
  </datafield>
  <datafield tag="952" ind1=" " ind2=" ">
    <subfield code="a">0001</subfield>
    <subfield code="b">0001</subfield>
    <subfield code="d">2016-09-24</subfield>
    <subfield code="e">2</subfield>
    <subfield code="l">0</subfield>
    <subfield code="o">323.09561 K21d 1996</subfield>
    <subfield code="p">004160</subfield>
    <subfield code="r">2016-09-24 00:00:00</subfield>
    <subfield code="t">k.2</subfield>
    <subfield code="v">0.00</subfield>
    <subfield code="w">2016-09-24</subfield>
    <subfield code="y">BKS</subfield>
  </datafield>
  <datafield tag="999" ind1=" " ind2=" ">
    <subfield code="c">6679</subfield>
    <subfield code="d">6679</subfield>
  </datafield>
</record>
